| 000 | 00682cam a22002293a 4500 | ||
|---|---|---|---|
| 001 | 24989 | ||
| 003 | PGUSA | ||
| 005 | 20140828083534.0 | ||
| 008 | 080405s2008||||xxu|||||s|||||000 | eng d | ||
| 040 |
_aPGUSA _beng |
||
| 042 | _adc | ||
| 050 | 4 | _aBV | |
| 100 | 1 |
_aGuyon, Jeanne Marie Bouvier de la Motte, _d1648-1717 |
|
| 245 | 1 | 2 |
_aA Short Method Of Prayer _h[electronic resource] / _cJeanne Marie Bouvier de la Motte Guyon |
| 260 |
_bProject Gutenberg, _c2008 |
||
| 506 | _aPublic domain in the USA. | ||
| 516 | _aElectronic text | ||
| 653 | _aPrayer -- Christianity | ||
| 830 | 0 |
_aProject Gutenberg _v24989 |
|
| 856 | 4 | 0 | _uhttp://www.gutenberg.org/ebooks/24989 |
| 942 | _cEB | ||
| 999 |
_c254244 _d254244 |
||